000
00224nam a22000857a 4500
008
160712b xxu||||| |||| 00| 0 eng d
100
_9
2702
_a
Lewis, P
245
_a
The Centle Fury
260
_a
N.Y
_b
Holt, Rinehart & Winston
_c
1961
999
_c
2346
_d
2346